| 000 | 00604nam a2200205 a 4500 | ||
|---|---|---|---|
| 005 | 20140310183439.0 | ||
| 008 | 080229s19uu xx 00 eng d | ||
| 020 | _a1841123390 | ||
| 050 |
_aHD 2746.5 _b.R758 2002 |
||
| 100 | _aRomanek, Broc | ||
| 245 |
_aMergers and acquisitions / _cBroc Romanek |
||
| 260 |
_aUnited Kingdom : _bCapstone Publishing, _c2002. |
||
| 300 |
_a122 p. : _c19 cm. |
||
| 650 | _aConsolidation and merger of corporations. | ||
| 650 | _aCapital budget. | ||
| 650 |
_aBusiness enterprise _xFinance. |
||
| 700 | _aKrus, Cynthia M. | ||
| 942 |
_cBK _2lcc _kFOR |
||
| 999 |
_c23030 _d23030 |
||